|
|
|
|
| LEADER |
00000nam0a2200000 4500 |
| 001 |
52398 |
| 005 |
20231031041535.0 |
| 010 |
|
|
|a 5283006751
|
| 035 |
|
|
|a (RuTPU)RU\TPU\book\54905
|
| 090 |
|
|
|a 52398
|
| 100 |
|
|
|a 20030529d1991 km y0rusy50 ca
|
| 101 |
0 |
|
|a rus
|
| 102 |
|
|
|a RU
|
| 105 |
|
|
|a a z 001zy
|
| 200 |
1 |
|
|a Динамика вентильных источников вторичного электропитания постоянного тока
|f Г. И. Волович
|
| 210 |
|
|
|a Москва
|c Энергоатомиздат
|d 1991
|
| 215 |
|
|
|a 190 с.
|c ил.
|
| 320 |
|
|
|a Библиогр.: с. 183-187
|
| 610 |
1 |
|
|a вентильные преобразователи
|
| 610 |
1 |
|
|a электропитающие установки
|
| 610 |
1 |
|
|a постоянный ток
|
| 610 |
1 |
|
|a выпрямители
|
| 610 |
1 |
|
|a асинхронные системы управления
|
| 610 |
1 |
|
|a цепи
|
| 610 |
1 |
|
|a синтез
|
| 610 |
1 |
|
|a расчеты
|
| 675 |
|
|
|a 621.314.632:53
|v 3
|
| 700 |
|
1 |
|a Волович
|b Г. И.
|g Георгий Иосифович
|
| 801 |
|
1 |
|a RU
|b 63413507
|c 20030529
|g PSBO
|
| 801 |
|
2 |
|a RU
|b 63413507
|c 20111129
|g PSBO
|
| 900 |
|
|
|a Динамика управляемых преобразовательных устройств
|
| 942 |
|
|
|c BK
|